Historia de la educación en la Ciudad de México / (Record no. 169081)

MARC details
000 -CABECERA
campo de control de longitud fija 00704nam a2200205 u 4500
005 - FECHA Y HORA DE LA ÚLTIMA TRANSACCIÓN
campo de control 20240227063617.0
008 - ELEMENTOS DE LONGITUD FIJA--INFORMACIÓN GENERAL
campo de control de longitud fija 140428s2012 r 000 0 eng d
020 ## - NÚMERO INTERNACIONAL NORMALIZADO PARA LIBROS
Número Internacional Estándar del Libro 9786074622812
035 ## - NÚMERO DE CONTROL DEL SISTEMA
Número de control de sistema UPN01000196980
049 ## - COLECCIÓN
Colección CG
050 #4 - SIGNATURA TOPOGRÁFICA DE LA BIBLIOTECA DEL CONGRESO
Número de clasificación LA430 C5
Número de documento/Ítem H5.7
245 00 - MENCIÓN DE TÍTULO
Título Historia de la educación en la Ciudad de México /
Mención de responsabilidad, etc. coord. Pilar Gonzalbo Aizpuru.
260 ## - PUBLICACIÓN, DISTRIBUCIÓN, ETC.
Lugar de publicación, distribución, etc. México :
Nombre del editor, distribuidor, etc. El Colegio de México :
-- Secretaría de Educación del Distrito Federal,
Fecha de publicación, distribución, etc. 2012.
300 ## - DESCRIPCIÓN FÍSICA
Extensión 573 p. :
Otras características físicas il.
440 #0 - MENCIÓN DE SERIE/ASIENTO SECUNDARIO--TÍTULO
Título Centro de Estudios Históricos
650 #4 - ASIENTO SECUNDARIO DE MATERIA - TERMINO TEMATICO
Término de materia o nombre geográfico como elemento de entrada Educación
Subdivisión geográfica Ciudad de México
Subdivisión general Historia
9 (RLIN) 22984
700 1# - ASIENTO SECUNDARIO--NOMBRE DE PERSONAL
Nombre de persona Gonzalbo, Pilar,
Fechas asociadas al nombre 1935-2024
Término indicativo de función/relación coord.
9 (RLIN) 28880
905 ## - TIPO DE MATERIAL
Tipo de material Libro
Holdings
Estado de retiro Estado de pérdida Fuente del sistema de clasificación o colocación Estado dañado No para préstamo Código de colección Localización permanente Ubicación/localización actual Ubicación en estantería Fecha de adquisición Total de préstamos Clasificación Código de barras Fecha visto por última vez Fecha del último préstamo Número de copia Tipo de ítem Koha Renovaciones totales
    Library of Congress Classification     Colección General Bib. Gregorio Torres Quintero Bib. Gregorio Torres Quintero Planta baja 25/08/2022 7 LA430 C5 H5.7 322172 08/09/2022 25/08/2022 1 Libro  
    Library of Congress Classification     Colección General Bib. Gregorio Torres Quintero Bib. Gregorio Torres Quintero Planta baja 07/10/2022 6 LA430 C5 H5.7 324387 27/05/2025 27/03/2025 1 Libro 1
    Library of Congress Classification     Colección General Bib. Gregorio Torres Quintero Bib. Gregorio Torres Quintero Planta baja 07/09/2022 41 LA430 C5 H5.7 295370 07/10/2022 07/09/2022 1 Libro 1